A JetPunk user for every Country. - Statistics

General Stats
  • This quiz has been taken 6 times
    4 since last reset
  • The average score is 9 of 12
Answer Stats
User Country % Correct
Geopro Australia
100%
baptistegorce France
100%
SWATkun India
100%
Hugopernia Spain
100%
Aaron197 Sweden
100%
Alberici Switzerland
100%
nichster United Kingdom
100%
MG17 Brazil
67%
Dekkie Netherlands
67%
Gassu New Zealand
67%
KoljiVriVoda Serbia
33%
Me Ethiopia
0%
No matching quizzes found
Score Distribution
Percent of People with Each Score
Percentile by Number Answered
Your Score History
You have not taken this quiz since the last reset